000 00390nam a22001697a 4500
003 MPLRDC
005 20220104124330.0
008 210129b ||||| |||| 00| 0 eng d
082 _a540.7 SY
100 _a孙誉
245 _a马来西亚人的梦
_c
250 _a初版
260 _a
_b缤缤出版社
_c1987
300 _b
650 _a社会学总论
942 _cBK
_o540.7 SY
999 _c18496
_d18486